Physical geology / (Record no. 22285)
[ view plain ]
| 000 -LEADER | |
|---|---|
| fixed length control field | 00613cam a2200229 a 4500 |
| 020 ## - INTERNATIONAL STANDARD BOOK NUMBER | |
| ISBN | 007252815X (acidfree paper) |
| 020 ## - INTERNATIONAL STANDARD BOOK NUMBER | |
| ISBN | 9780072528152 (acidfree paper) |
| 020 ## - INTERNATIONAL STANDARD BOOK NUMBER | |
| ISBN | 0071111786 |
| 020 ## - INTERNATIONAL STANDARD BOOK NUMBER | |
| ISBN | 9780071111782 |
| 040 ## - CATALOGING SOURCE | |
| Transcribing agency | DLC |
| 082 ## - DEWEY DECIMAL CLASSIFICATION NUMBER | |
| Classification number | 550 PIU 2005 C260 Or. |
| 100 1# - MAIN ENTRY--AUTHOR NAME | |
| Personal name | Plummer, Charles C., |
| 245 10 - TITLE STATEMENT | |
| Title | Physical geology / |
| 250 ## - EDITION STATEMENT | |
| Edition statement | 10th ed. / |
| 260 ## - PUBLICATION, DISTRIBUTION, ETC. (IMPRINT) | |
| Place of publication | Boston : |
| Name of publisher | McGraw-Hill, |
| Year of publication | c2005 |
| 300 ## - PHYSICAL DESCRIPTION | |
| Number of Pages | xix, 580 p. : |
| Other physical details | ill. (some col.) ; |
| Dimensions | 29 cm |
| 500 ## - GENERAL NOTE | |
| General note | Includes index |
| 650 #0 - SUBJECT ADDED ENTRY--TOPICAL TERM | |
| Topical Term | Physical geology |
| 700 1# - ADDED ENTRY--PERSONAL NAME | |
| Personal name | McGeary, David |
| 700 1# - ADDED ENTRY--PERSONAL NAME | |
| Personal name | Carlson, Diane H |
| 942 ## - ADDED ENTRY ELEMENTS (KOHA) | |
| Koha item type | ADB |
| 952 ## - LOCATION AND ITEM INFORMATION (KOHA) | |
| Withdrawn status [LOCAL, KOHA] | 0 |
| Permanent Location | Date acquired | Koha item type | Lost status | Shelving location | Barcode | Current Location | Full call number |
|---|---|---|---|---|---|---|---|
| Library Block C | 2023-12-01 | ADB | C260 | a19671 | Library Block C | 550 PIU 2005 C260 Or. |